MARC

LEADER 00000nam0a2200000 4500
001 21341
005 20231101205425.0
010 |a 5875070041 
035 |a (RuTPU)RU\TPU\book\21539 
035 |a BOOK00006232 
090 |a 21341 
100 |a 20011209d1995 km y0rusy50 ca 
101 0 |a rus 
102 |a RU 
105 |a y z 000zy 
200 1 |a Богословие иконы  |f И. К. Языкова 
210 |a Москва  |c Изд-во Общедоступного Ун-та  |d 1994 
215 |a 212 с. 
606 1 |a Иконопись древнерусская  |2 stltpush  |3 (RuTPU)RU\TPU\subj\12377  |9 39172 
610 1 |a искусство 
610 1 |a иконы 
610 1 |a иконопись 
610 1 |a церковное искусство 
610 1 |a православие 
675 |a 75.046  |v 3 
686 |a Э37-5  |v LBC/SL-A  |2 rubbk 
700 1 |a Языкова  |b И. К.  |g Ирина Константиновна 
801 0 |a RU  |b 63413507  |c 20011209  |g PSBO 
801 2 |a RU  |b 63413507  |c 20140923  |g PSBO 
942 |c BK